| 000 | 00879nam a2200277 a 4500 | ||
|---|---|---|---|
| 008 | |||
| 020 | _a0748739874 (pbk.) | ||
| 049 | _aMAIN | ||
| 090 | _aTA455.P58 | ||
| 100 | 1 | _aPowell, Peter C. | |
| 245 | 1 | 0 |
_aEngineering with polymers / _cPeter C. Powell and A. Jan Ingen Housz. |
| 250 | _a2nd ed. | ||
| 260 |
_aCheltenham : _bStanley Thornes , _c1998. |
||
| 300 |
_axxii, 479 p. : _bill. ; _c24 cm. |
||
| 500 | _aPrevious ed.: London : Chapman & Hall, 1983. | ||
| 504 | _aIncludes bibliographical references. | ||
| 500 | _aIncludes index. | ||
| 650 | 0 |
_aPolymers _xMechanical properties. |
|
| 650 | 0 |
_aPolymeric composites _xMechanical properties. |
|
| 700 | 1 | _aHousz Jan Ingen, A. | |
| 907 |
_a.b1001679x _b06-01-06 _c17-04-03 |
||
| 003 | |||
| 005 | 20230123133601.0 | ||
| 040 | _cNUST | ||
| 942 |
_cBOOKS _kTA455.P58 |
||
| 999 |
_c151103 _d151103 |
||